• 首页
  • 本馆介绍
  • 公告通知
  • 最新文献
  • 馆藏检索
  • 电子资源
  • 读者导购
  • 参考咨询
  • 我的图书馆
  • 登录
  • 详细信息显示
  • 放入我的书架
  • 预约/预借图书
  • 作者相关作品
  • 分类相关作品
  • 丛书相关作品
  • 出版社相关作品

书目信息

  • 表格格式
  • 工作单格式
  • 卡片格式
题名:
课程知识的认识发生过程研究
    
 
作者: 董小平 著
分册:  
出版信息: 重庆   西南师范大学出版社  2017
页数: 261页
开本: 24cm
丛书名: 学校教育理论的创新与实践丛书
单 册:
中图分类: G423.04
科图分类:
主题词: 课程--研究
电子资源:
ISBN: 978-7-5621-8883-4
000 01114oam2 2200241 450
001 1349
005 20180522110249.98
010    @a978-7-5621-8883-4@dCNY48.00
100    @a20171222d2017 em y0chiy50 ea
101 0  @achi
102    @aCN@b500000
105    @ay z 000yy
200 1  @a课程知识的认识发生过程研究@9ke cheng zhi shi de ren shi fa sheng guo cheng yan jiu@f董小平著
210    @a重庆@c西南师范大学出版社@d2017
215    @a261页@d24cm
225 1  @a学校教育理论的创新与实践丛书@f靳玉乐总主编
330    @a本书以人类教育围绕着课程知识展开的群体主体认识活动为对象,探讨课程知识认识活动的本质,并遵循课程知识认识活动的阶段性和规律性,依次阐明课程知识产生阶段、课程知识撰写阶段、课程知识解读阶段、课程知识再构阶段和课程知识进化阶段的认识活动,揭示各阶段的认识原理和不同阶段之间内在的、固有的联系,还原课程知识认识活动的本真状态,并对当前课程知识认识活动的问题与变革进行了反思和展望。
461  0 @12001 @a学校教育理论的创新与实践丛书
606 0  @a课程@x研究
690    @aG423.04@v5
701  0 @a董小平@9dong xiao ping@f(1981-)@4著
801  0 @aCN@b91MARC@c20171222
905    @aMuseLib@dG423.04@e310
    
    课程知识的认识发生过程研究/董小平著.-重庆:西南师范大学出版社,2017
    261页;24cm.-(学校教育理论的创新与实践丛书/靳玉乐总主编)
    
    
    ISBN 978-7-5621-8883-4:CNY48.00
    本书以人类教育围绕着课程知识展开的群体主体认识活动为对象,探讨课程知识认识活动的本质,并遵循课程知识认识活动的阶段性和规律性,依次阐明课程知识产生阶段、课程知识撰写阶段、课程知识解读阶段、课程知识再构阶段和课程知识进化阶段的认识活动,揭示各阶段的认识原理和不同阶段之间内在的、固有的联系,还原课程知识认识活动的本真状态,并对当前课程知识认识活动的问题与变革进行了反思和展望。
●
相关链接 在E读中查询图书 在五车中查询图书 在当当中查询图书 在豆瓣中查询图书


正题名:课程知识的认识发生过程研究     索取号:G423.04/310         预约/预借

序号 登录号 条形码 馆藏地/架位号 状态 备注
1 1103994   211039945   第一样本阅览室/ [索取号:G423.04/310] 在馆    
2 1103995   211039954   教育系资料室/ [索取号:G423.04/310] 在馆    
3 1103996   211039963   教育系资料室/ [索取号:G423.04/310] 在馆    
4 1103997   211039972   教育系资料室/ [索取号:G423.04/310] 在馆    
5 1103998   211039981   第四借阅区/ [索取号:G423.04/310] 在馆    
6 1103999   211039990   第四借阅区/ [索取号:G423.04/310] 在馆    
唐山师范学院图书馆 欢迎您!
大连网信软件有限公司© 版权所有